Statystyki dla Harry Potter od A do Z cz. 3

Kliknij tutaj aby rozwiązać quiz!

Ogólne statystyki

  • Ten quiz został rozwiązany 89 razy
  • Średni wynik to 12 z 23

Statystyki odpowiedzi

PodpowiedźOdpowiedź% Poprawnych
Człowiek, który nie posiadał żadnych zdolności magicznych (M)Mugol
94%
Jeden z krajów biorących udział w Mistrzostwach Świata w Quidditchu(I)Irlandia
90%
Uczennica Ravenclawu, pierwsza miłość Harry'ego Pottera (C)Cho Chang
89%
Imię Hagrida, gajowego Hogwartu (R)Rubeus
88%
Decydowała o tym do którego domu trafią nowi uczniowie Hogwartu (T)Tiara Przydziału
88%
Tak miała na imię matka Malfoya (N)Narcyza
85%
Czarnomagiczne zaklęcie autorstwa Severusa Snape'a, którego użycie powodowało powstawanie na ciele otwierający się ran (S)Sectumsempra
71%
Elitarny klub założony przez Horacego Slughorna (K)Klub Ślimaka
68%
Zaklęcie usuwające pamięć drugiej osoby (O)Obliviate
68%
Tak miał na imię Dippet, dyrektor Hogwartu, poprzednik Albusa Dumbledore'a (A)Armando
53%
Imię Feniksa należacego do Dumbledore'a (F)Fawkes
53%
Imię Crabbe'a, jednego z goryli Malfoya (V)Vincent
53%
Tak miała na imię niezdarna sowa Rona (E)Errol
50%
Pod tym adresem mieściła się siedziba Zakonu Feniksa (G)Grimmuald Place 12
43%
Zdolność wydobywania uczuć i wspomnień z drugiej osoby(L)Legilimencja
36%
Kobieta, a właściwie widmo kobiety, które hipnotyzuje mężczyzn swą urodą i wdziękiem (W)Wila
33%
Jego esencja była silną substancja leczniczą zastosowana przez Hermionę po tym, jak Ron został ranny w wyniku rozszczepienia się (D)Dyptam
29%
Zaklęcie wykrywające obecność ludzi w najbliższym otoczeniu (H)Homenum revelio
15%
Zaklęcie powodujące, że wydzielina z nosa osoby, na którą zostało rzucone, zamieniała się w nietoperze. Spłynęła z niego Ginny Weasley (U)Upiorogacek
14%
Magiczne stworzenie przedstawione jako szkodnik. Harry wraz z przyjaciółmi zwalczał je podczas sprzątania Zakonu Feniksa (B)Bahanka
13%
Miejsce w którym Voldemort ukrył jeden z horkruksow - znajdował się on na środku jeziora (J)Jaskinia Horkruksa
11%
Wynalazek Freda i George'a powodujący zaparcia (Q)Q-Py-Blok/ Q py blok
10%
Zjawisko występujące gdy różdżki o bliźniaczych rdzeniach zmuszone są do walki przeciwko sobie (P)
Priori Incatatem
3%

Rozkład punktacji

Percentyl według liczby udzielonych odpowiedzi

Procent ludzi z każdym wynikiem

Twoja historia wyników

Nie rozwiązałeś tego quizu